| 000 | 00756nam a2200265Ia 4500 | ||
|---|---|---|---|
| 001 | Para_4780 | ||
| 003 | CHAP | ||
| 008 | 220125s1937 xx 000 0 und d | ||
| 010 | _a203234 | ||
| 040 | _cCHAP | ||
| 090 | _aPA FOLLETO 2182 | ||
| 100 |
_aKlein, H _9168912 |
||
| 245 |
_aOn the biology of the black scale Chrysomphalus aonidum L. in the Jordan Valley / _c H. Z. Klein |
||
| 260 |
_aJaffa : _b Agr. Res. Sta. Rehovoth |
||
| 300 | _a18 p. | ||
| 440 |
_aRehovoth Agr. Research Sta. Bull.; 23 _9168913 |
||
| 650 |
_aAonidiella aurantii _96190 |
||
| 901 | _aPA FOLLETO 2182 | ||
| 902 | _aA | ||
| 905 | _a0000001937 JAF 0000000000 00 | ||
| 910 | _a1937 | ||
| 942 | _cPARA | ||
| 942 |
_cPARA _d1 |
||
| 999 |
_c203234 _d203234 |
||